Studio C's "Third Wheel Song" Lyrics Quiz - Statistics

General Stats
  • This quiz has been taken 9 times
  • The average score is 303 of 351
Answer Stats
Hint Answer % Correct
a
100%
and
100%
And
100%
I
100%
love
100%
me
100%
James | Mal | Whitney You
100%
you
100%
above
86%
add
86%
alive
86%
alone...
86%
alone,
86%
also
86%
am
86%
anything
86%
anywhere
86%
are
86%
are!
86%
back
86%
be?
86%
bike!
86%
brain
86%
bring
86%
burritos?
86%
can
86%
Whitney & James 'Cause
86%
clouds
86%
do
86%
each
86%
else
86%
enough
86%
everything
86%
face
86%
figured
86%
flame
86%
for
86%
friendship
86%
get
86%
goes
86%
good
86%
got
86%
grand
86%
great?
86%
guys!
86%
guys
86%
guys,
86%
Mal Ha!
86%
hair
86%
hand
86%
hand.
86%
hands!!
86%
hands...
86%
have
86%
haven't
86%
heart
86%
heavens
86%
Mal Hey
86%
Mal Hey,
86%
hope
86%
how
86%
If
86%
I'll
86%
I'm
86%
in
86%
interrupting?
86%
iPhones
86%
is
86%
Is
86%
is.
86%
isn't
86%
it
86%
It
86%
It's
86%
just
86%
know
86%
leave
86%
life
86%
light
86%
James Like
86%
like
86%
make
86%
makes
86%
Whitney MAL.
86%
mean
86%
miracle
86%
muscles
86%
muscles?
86%
musketeers
86%
my
86%
Whitney No!
86%
James No
86%
not
86%
number
86%
of...
86%
of
86%
Oh
86%
Oh,
86%
on
86%
Mal Oooooooh!
86%
other
86%
our
86%
out...
86%
power
86%
probably
86%
really
86%
seat
86%
see
86%
sing
86%
so
86%
sorry,
86%
sorry
86%
sorry.
86%
Sorry...
86%
Mal Sorry,
86%
James Sort
86%
space
86%
Speaking
86%
special
86%
stay
86%
Whitney Stop
86%
tandem
86%
that
86%
that.
86%
that...
86%
that's
86%
the
86%
Mal The
86%
them
86%
there
86%
there's
86%
they
86%
THREE
86%
Mal three
86%
Mal Three
86%
three!
86%
to
86%
To
86%
too
86%
trees
86%
two
86%
Whitney & James Two
86%
two.
86%
um,
86%
up
86%
us
86%
us!
86%
walking
86%
want
86%
we-
86%
we
86%
What
86%
what
86%
James WHAT?!?
86%
When
86%
with
86%
wrong
86%
Yes
86%
yet
86%
Your
86%
your
86%
You're
86%
you're
86%
heck
71%
moon
71%
nice
71%
Mal Okay,
71%
Whitney Only
71%
own
71%
rhymes
71%
saying...
71%
stuff
71%
was
71%
was-
71%
Whitney,
71%
will
71%
at
57%
eat
57%
foods
57%
music.
57%
night
57%
romantic
57%
feelin'
43%
Mal Perfect!
43%
James Sure,
43%
whatever...
43%
done,
14%
No matching quizzes found
Score Distribution
Percent of People with Each Score
Percentile by Number Answered
Your Score History
You have not taken this quiz